| 000 | 01035cab a2200349 4500 | ||
|---|---|---|---|
| 001 | ABS54427 | ||
| 008 | 090401t1996 xxu||||| |||| 00| 0 eng d | ||
| 035 | _a(Sirsi) u10266 | ||
| 041 | _aeng | ||
| 100 | _aBannister, E. | ||
| 245 | _aReceivers` liabilities | ||
| 260 | _c1996 | ||
| 350 | _a0 | ||
| 490 |
_aEstates Gazette _v(9604) 27 January 1996, 122-123(2) |
||
| 520 | _aOutlines receivers` liabilities for rates on receivership property in the light of "Sobam BV v Satelscopp". | ||
| 650 | _aATLANTIC COMPUTER SYSTEMS | ||
| 650 | _aBANISTER V ISLINGTON LBC | ||
| 650 | _aBUSINESS RATES | ||
| 650 | _aFRAUDULENT TRADING | ||
| 650 | _aIN RE LEIGH ESTATES (UK) | ||
| 650 | _aIN RE LEYLAND DAF LTD | ||
| 650 | _aLAW OF PROPERTY ACT RECEIVERS | ||
| 650 | _aLIABILITIES | ||
| 650 | _aLIQUIDATION | ||
| 650 | _aRATFORD V NORTHAVON DC | ||
| 650 | _aRECEIVERS | ||
| 650 | _aSOBAM BV V SATELSCOPP | ||
| 690 | _aPROPERTY LAW AND PRACTICE | ||
| 690 | _aRATING AND VALUATION | ||
| 942 | _n0 | ||
| 948 | _c04/03/1997 | ||
| 999 |
_c6454 _d6454 |
||